Normal view
MARC view
- Urdu Literature
Entry Topical Term
001 - CONTROL NUMBER
- control field: 110271
003 - CONTROL NUMBER IDENTIFIER
- control field: NUST
005 - DATE AND TIME OF LATEST TRANSACTION
- control field: 20230314125303.0
008 - FIXED-LENGTH DATA ELEMENTS
- fixed length control field: 230314|| aca||aabn | a|a d
040 ## - CATALOGING SOURCE
- Original cataloging agency: NUST
- Transcribing agency: NUST
150 ## - HEADING--TOPICAL TERM
- Topical term or geographic name entry element: Urdu Literature
- General subdivision: Novel
670 ## - SOURCE DATA FOUND
- Source citation: Work cat.: (NUST)591575: Ashfaq Ahmad 3162, Aik Mohabbat So Afsanay / ایک محبت سو افسافے (Urdu) /, 2013
